000 00356nam a2200133Ia 4500
005 20260328101504.0
008 260328s9999||||xx |||||||||||||| ||und||
100 _aHudson, Jennifer
245 0 _a1000 New Designs 2 :
_b And where to find them /
_cJennifer Hudson
260 _bLaurence King
300 _a352 p.
650 _aDISEÑO INDUSTRIAL
942 _cBK
999 _c8995
_d8995